000 00380nam a2200133Ia 4500
005 20260328101448.0
008 260328s9999||||xx |||||||||||||| ||und||
100 _aLindahl Hellberg, Gunnard
245 0 _aSimón Vélez :
_b Un sentido de lo construido /
_cGunnard Lindahl Hellberg
260 _bCámara de Comercio de Cali
300 _a32 p.
650 _aARQUITECTOS
942 _cBK
999 _c8534
_d8534